01117 2200325 4500001002100000005001500021035002000036007000300056008004100059082001900100084002100119100002600140245018200166300003800348650001600386700002700402700003100429700003000460700002800490700003000518700002900548700003000577264005600607336002100663337003000684338002300714850001200737040002200749990002000771INLIS00000000086202420210726103707 a0010-0721000259ta210708s2012 ntia ind d04223a782.421599 a782.421599 SIS e0 aSisko BaluePengarang1 aEnde lio sare pawe :bkumpulan lagu-lagu daerah ende lio /cSisko Balu, Jakobus Peu, Man Aroeboesman, Siprianus Sila, Geradus Baru, Yoseph Susanto, Paulinus Seda, Mikael Badeoda a296 halaman :bilustrasi ;c28 cm 4aLagu daerah0 aJakobus PeuePengarang0 aMan AroeboesmanePengarang0 aSiprianus SilaePengarang0 aGeradus BaruePengarang0 aYoseph SusantoePengarang0 aPaulinus SedaePengarang0 aMikael BadeodaePengarang31aNusa Tenggara Timur :bSanggar Casabelga NTT,c2012 2rdacontentateks 2rdamediaatanpa perantara 2rdacarrieravolume aYOPDYOG aYOPDYOGbinderda a67310-PD/A.2021